La filosofía como el pensar del mundo de acuerdo con el principio del menor gasto de energía
Guardat en:
| Autor principal: | |
|---|---|
| Format: | Llibre |
| Idioma: | espanyol |
| Publicat: |
Buenos Aires
Losada
1947
|
| Col·lecció: | Biblioteca Filosófica
|
| Matèries: | |
| Etiquetes: |
Afegir etiqueta
Sense etiquetes, Sigues el primer a etiquetar aquest registre!
|
MARC
| LEADER | 00000nam a2200000 a 4500 | ||
|---|---|---|---|
| 001 | UCZ4408 | ||
| 003 | CL-VaPUC | ||
| 008 | 951109e19470000AG |||||||||||||||||spa|d | ||
| 082 | 0 | 4 | |a 100 |b AVE |2 21 |
| 100 | 0 | |a Avenarius, Richard |e author |9 348437 | |
| 245 | 1 | 3 | |a La filosofía como el pensar del mundo de acuerdo con el principio del menor gasto de energía |
| 300 | |a 148 p | ||
| 942 | |c BK | ||
| 945 | |d 19951109 00:00:00 |a rleighto | ||
| 260 | |a Buenos Aires |b Losada |c 1947 | ||
| 650 | 0 | |a Filosofía |9 223554 | |
| 583 | |a last modification |c 19951109 00:00:00 |k Rodrigo Vera | ||
| 490 | 0 | |a Biblioteca Filosófica | |
| 999 | |c 240800 |d 240798 | ||
| 952 | |0 0 |1 0 |4 0 |6 100_000000000000000_AVE_1947 |7 0 |8 P |9 252832 |a BIBEDU |b BIBEDU |c BIBEDU_PB |d 2019-11-18 |i 3146952 |o 100 AVE 1947 |p 3146952 |r 2024-01-25 |w 2019-11-18 |y BK |k EDU | ||
| 952 | |0 0 |1 0 |4 0 |6 100_000000000000000_AVE_1947 |7 0 |8 P |9 252833 |a BIBEDU |b BIBEDU |c BIBEDU_PB |d 2019-11-18 |i 3168859 |o 100 AVE 1947 |p 3168859 |r 2024-01-25 |w 2019-11-18 |y BK |k FIL | ||